| 000 | 00758 a2200205 4500 | ||
|---|---|---|---|
| 001 | 48047 | ||
| 005 | 20260407155746.0 | ||
| 008 | 260407a1966 arg spa d | ||
| 003 | AR-UNSa-BCEJYS | ||
| 040 |
_aAR-UNSa-BCEJYS _bspa _cAR-UNSa-BCEJYS |
||
| 080 |
_a94:33 _xHistoria económica |
||
| 245 | 1 | 0 |
_aHistoria económica mundial _pmoderna y contemporánea |
| 264 | 1 |
_aBarcelona : _bVicens-Vives _c1966 |
|
| 300 |
_a521 p. _c23 cm. |
||
| 505 | _a1. Los principales mecanismos de la vida económica - 2. Las primeras etapas de la economía moderna (1760-1840) - 3. El apogeo del capitalismo europeo - 4. De 1914 a nuestros días. | ||
| 942 | _cBK | ||
| 590 | _aniveau_biblio:m niveau_hierar:0 | ||
| 100 | 1 | _aGérard, Claude | |
| 700 | 1 | _aLesourd, Jean-Alain | |
| 999 |
_c4526 _d4526 |
||